00597cam a22001697a 4500008004000000020001500040082001300055245013200068260002900200300001000229650001800239650002700257700001800284700002200302999001900324952008400343180718b1995 xxu||||| |||| 00| 0 eng d a1856288943 aT19 H432 aThe Asian pacific rim and globalization: enterprise, government and territorialitycedited by Richard Le Heron and Sam Ock Park aAldershotbAveburyc1995 a188p. aGlobalization aAsia - Economic policy aPark, Sam Ock aHeron, Richard Le c378069d378069 00104070aIIPAbIIPAd1995-09-29oT19 H432p69743r2018-07-21w2018-07-21yBK